[Event "Blitz 2018"]
[Site "Saint-Petersburg"]
[Date "2018.12.29"]
[Round "4"]
[Board "16"]
[White "Bilguun Sumiya (MGL)"]
[Black "Vallejo Pons Francisco (ESP)"]
[Result "1-0"]
[LiveChessVersion "1.4.8"]
[BlackElo "2673"]
[WhiteElo "2469"]

1. e4 {[%clk 0:03:02]} e5 {[%clk 0:03:04]} 2. Nf3 {[%clk 0:03:02]} Nc6
{[%clk 0:03:05]} 3. Bc4 {[%clk 0:03:02]} Nf6 {[%clk 0:03:05]} 4. d3
{[%clk 0:03:03]} Bc5 {[%clk 0:03:06]} 5. a4 {[%clk 0:02:58]} O-O {[%clk 0:03:02]}
6. O-O {[%clk 0:02:57]} a6 {[%clk 0:03:00]} 7. Nc3 {[%clk 0:02:53]} h6
{[%clk 0:02:55]} 8. h3 {[%clk 0:02:53]} d6 {[%clk 0:02:56]} 9. Nd5
{[%clk 0:02:37]} Nxd5 {[%clk 0:02:55]} 10. Bxd5 {[%clk 0:02:27]} Ne7
{[%clk 0:02:56]} 11. Bb3 {[%clk 0:02:23]} Ng6 {[%clk 0:02:55]} 12. d4
{[%clk 0:02:24]} exd4 {[%clk 0:02:50]} 13. Nxd4 {[%clk 0:02:23]} Qf6
{[%clk 0:02:48]} 14. c3 {[%clk 0:02:10]} Re8 {[%clk 0:02:49]} 15. Re1
{[%clk 0:01:59]} Bd7 {[%clk 0:02:49]} 16. Re3 {[%clk 0:01:44]} Re7
{[%clk 0:02:26]} 17. Rf3 {[%clk 0:01:39]} Qh4 {[%clk 0:02:20]} 18. Bc2
{[%clk 0:01:23]} Rae8 {[%clk 0:02:11]} 19. Be3 {[%clk 0:01:13]} Bxd4
{[%clk 0:01:32]} 20. cxd4 {[%clk 0:00:50]} Rxe4 {[%clk 0:01:32]} 21. Bxe4
{[%clk 0:00:47]} Qxe4 {[%clk 0:01:33]} 22. Rg3 {[%clk 0:00:45]} Bc6
{[%clk 0:01:19]} 23. Rc1 {[%clk 0:00:37]} Qd5 {[%clk 0:01:07]} 24. Qg4
{[%clk 0:00:25]} Kh7 {[%clk 0:01:05]} 25. h4 {[%clk 0:00:22]} Re4
{[%clk 0:01:05]} 26. Qc8 {[%clk 0:00:14]} Rxh4 {[%clk 0:00:59]} 27. Qxc7
{[%clk 0:00:09]} h5 {[%clk 0:00:23]} 28. b4 {[%clk 0:00:07]} Rg4 {[%clk 0:00:24]}
29. Rxg4 {[%clk 0:00:05]} hxg4 {[%clk 0:00:25]} 30. Rxc6 {[%clk 0:00:05]} bxc6
{[%clk 0:00:20]} 31. g3 {[%clk 0:00:06]} Qc4 {[%clk 0:00:15]} 32. Qxd6
{[%clk 0:00:05]} f6 {[%clk 0:00:08]} 33. Qd7 {[%clk 0:00:05]} Qe2
{[%clk 0:00:05]} 34. Qxc6 {[%clk 0:00:06]} Qd1+ {[%clk 0:00:06]} 35. Kg2
{[%clk 0:00:05]} Qb1 {[%clk 0:00:06]} 36. b5 {[%clk 0:00:06]} axb5
{[%clk 0:00:06]} 37. axb5 {[%clk 0:00:07]} Ne7 {[%clk 0:00:07]} 38. Qe6
{[%clk 0:00:07]} Nf5 {[%clk 0:00:06]} 39. d5 {[%clk 0:00:05]} Kg6
{[%clk 0:00:05]} 40. Qe8+ {[%clk 0:00:06]} Kh7 {[%clk 0:00:04]} 41. b6
{[%clk 0:00:07]} Qd3 {[%clk 0:00:04]} 42. Qe6 {[%clk 0:00:07]} Nxe3+
{[%clk 0:00:04]} 43. Qxe3 {[%clk 0:00:08]} Qxd5+ {[%clk 0:00:05]} 44. Kh2
{[%clk 0:00:09]} Qh5+ {[%clk 0:00:05]} 45. Kg1 {[%clk 0:00:10]} Qf5
{[%clk 0:00:06]} 46. Qb3 {[%clk 0:00:10]} Qe4 {[%clk 0:00:07]} 47. b7
{[%clk 0:00:11]} Qe1+ {[%clk 0:00:08]} 48. Kg2 {[%clk 0:00:12]} Qe4+
{[%clk 0:00:09]} 49. Kh2 {[%clk 0:00:13]} Qe2 {[%clk 0:00:08]} 50. Qb6
{[%clk 0:00:13]} 1-0

[Event "Blitz 2018"]
[Site "Saint-Petersburg"]
[Date "2018.12.29"]
[Round "4"]
[Board "18"]
[White "Artemiev Vladislav (RUS)"]
[Black "Gutenev Alexander (RUS)"]
[Result "1-0"]
[LiveChessVersion "1.4.8"]
[BlackElo "2419"]
[WhiteElo "2825"]

1. e4 {[%clk 0:03:02]} c5 {[%clk 0:03:03]} 2. Nf3 {[%clk 0:03:02]} Nc6
{[%clk 0:03:04]} 3. Bb5 {[%clk 0:03:03]} g6 {[%clk 0:03:05]} 4. O-O
{[%clk 0:03:03]} Bg7 {[%clk 0:03:06]} 5. c3 {[%clk 0:03:04]} Nf6 {[%clk 0:03:06]}
6. Re1 {[%clk 0:03:05]} O-O {[%clk 0:03:04]} 7. h3 {[%clk 0:03:06]} Qb6
{[%clk 0:02:48]} 8. Ba4 {[%clk 0:03:06]} d5 {[%clk 0:02:35]} 9. e5
{[%clk 0:03:06]} Ne8 {[%clk 0:02:31]} 10. d4 {[%clk 0:03:06]} cxd4
{[%clk 0:01:43]} 11. cxd4 {[%clk 0:03:07]} Nc7 {[%clk 0:01:35]} 12. Nc3
{[%clk 0:03:07]} Bf5 {[%clk 0:01:26]} 13. Bb3 {[%clk 0:02:49]} Nb4
{[%clk 0:01:23]} 14. Bg5 {[%clk 0:02:42]} Rfe8 {[%clk 0:01:00]} 15. Nh4
{[%clk 0:02:17]} Be6 {[%clk 0:00:51]} 16. Qd2 {[%clk 0:02:18]} Nc6
{[%clk 0:00:29]} 17. Nf3 {[%clk 0:02:19]} Nb5 {[%clk 0:00:26]} 18. Na4
{[%clk 0:02:15]} Qa5 {[%clk 0:00:27]} 19. Qd1 {[%clk 0:02:12]} b6
{[%clk 0:00:17]} 20. Rc1 {[%clk 0:02:08]} Rac8 {[%clk 0:00:18]} 21. Be3
{[%clk 0:01:58]} Qa6 {[%clk 0:00:19]} 22. Ng5 {[%clk 0:01:59]} Na5
{[%clk 0:00:15]} 23. Nxe6 {[%clk 0:01:58]} fxe6 {[%clk 0:00:16]} 24. Qg4
{[%clk 0:01:58]} Kf7 {[%clk 0:00:12]} 25. h4 {[%clk 0:01:23]} Rxc1
{[%clk 0:00:12]} 26. Rxc1 {[%clk 0:01:21]} Nxb3 {[%clk 0:00:13]} 27. axb3
{[%clk 0:01:22]} Rc8 {[%clk 0:00:14]} 28. Rd1 {[%clk 0:01:05]} h5
{[%clk 0:00:15]} 29. Qf4+ {[%clk 0:00:54]} Kg8 {[%clk 0:00:16]} 30. g4
{[%clk 0:00:55]} Rf8 {[%clk 0:00:09]} 31. Qg5 {[%clk 0:00:57]} Qc8
{[%clk 0:00:05]} 32. Qxg6 {[%clk 0:00:56]} hxg4 {[%clk 0:00:04]} 33. h5
{[%clk 0:00:57]} Qe8 {[%clk 0:00:04]} 34. Qxe6+ {[%clk 0:00:58]} Kh7
{[%clk 0:00:04]} 35. Qxg4 {[%clk 0:00:39]} Qf7 {[%clk 0:00:05]} 36. Nc3
{[%clk 0:00:13]} Nxc3 {[%clk 0:00:06]} 37. bxc3 {[%clk 0:00:15]} Bh6
{[%clk 0:00:07]} 38. Qg6+ {[%clk 0:00:13]} Qxg6+ {[%clk 0:00:08]} 39. hxg6+
{[%clk 0:00:14]} Kxg6 {[%clk 0:00:09]} 40. Bxh6 {[%clk 0:00:15]} Kxh6
{[%clk 0:00:09]} 41. Kf1 {[%clk 0:00:16]} Rc8 {[%clk 0:00:08]} 42. Rc1
{[%clk 0:00:14]} Kg5 {[%clk 0:00:09]} 43. Ke2 {[%clk 0:00:15]} Kf4
{[%clk 0:00:11]} 44. Kd3 {[%clk 0:00:13]} Rh8 {[%clk 0:00:05]} 45. b4
{[%clk 0:00:06]} Rh3+ {[%clk 0:00:06]} 46. Kc2 {[%clk 0:00:07]} Rh2
{[%clk 0:00:05]} 47. Ra1 {[%clk 0:00:09]} Rxf2+ {[%clk 0:00:05]} 48. Kb3
{[%clk 0:00:10]} a5 {[%clk 0:00:05]} 49. bxa5 {[%clk 0:00:11]} bxa5
{[%clk 0:00:07]} 50. Rxa5 {[%clk 0:00:12]} e6 {[%clk 0:00:04]} 51. Ra8
{[%clk 0:00:12]} Ke4 {[%clk 0:00:03]} 52. Re8 {[%clk 0:00:12]} Rf3
{[%clk 0:00:04]} 53. Rxe6 {[%clk 0:00:13]} Rf8 {[%clk 0:00:05]} 54. Kb4
{[%clk 0:00:09]} Rc8 {[%clk 0:00:06]} 55. Rd6 {[%clk 0:00:09]} Rc4+
{[%clk 0:00:04]} 56. Kb3 {[%clk 0:00:11]} Rc8 {[%clk 0:00:04]} 57. e6
{[%clk 0:00:11]} Rb8+ {[%clk 0:00:05]} 58. Ka4 {[%clk 0:00:13]} Rc8
{[%clk 0:00:05]} 59. e7 {[%clk 0:00:11]} Re8 {[%clk 0:00:05]} 60. Re6+
{[%clk 0:00:12]} Kd3 {[%clk 0:00:06]} 61. Kb4 {[%clk 0:00:13]} 1-0

[Event "Blitz 2018"]
[Site "Saint-Petersburg"]
[Date "2018.12.29"]
[Round "4"]
[Board "23"]
[White "Zubov Alexander (UKR)"]
[Black "Khanin Semen (RUS)"]
[Result "1-0"]
[LiveChessVersion "1.4.8"]
[BlackElo "2564"]
[WhiteElo "2729"]

1. d4 {[%clk 0:03:03]} Nf6 {[%clk 0:03:03]} 2. c4 {[%clk 0:03:02]} e6
{[%clk 0:03:03]} 3. Nf3 {[%clk 0:03:02]} a6 {[%clk 0:03:04]} 4. e3
{[%clk 0:02:57]} d5 {[%clk 0:03:04]} 5. b3 {[%clk 0:02:57]} c5 {[%clk 0:02:56]}
6. Bb2 {[%clk 0:02:52]} Nc6 {[%clk 0:02:56]} 7. Bd3 {[%clk 0:02:48]} cxd4
{[%clk 0:02:48]} 8. exd4 {[%clk 0:02:49]} Be7 {[%clk 0:02:42]} 9. O-O
{[%clk 0:02:47]} O-O {[%clk 0:02:41]} 10. Nbd2 {[%clk 0:02:48]} dxc4
{[%clk 0:02:32]} 11. bxc4 {[%clk 0:02:48]} b5 {[%clk 0:02:19]} 12. cxb5
{[%clk 0:02:46]} Nb4 {[%clk 0:02:19]} 13. Be2 {[%clk 0:02:45]} axb5
{[%clk 0:02:19]} 14. Qb3 {[%clk 0:02:16]} Rb8 {[%clk 0:01:51]} 15. Ne5
{[%clk 0:02:07]} Bb7 {[%clk 0:01:46]} 16. a3 {[%clk 0:02:00]} Nbd5
{[%clk 0:01:08]} 17. Rfc1 {[%clk 0:01:47]} Nf4 {[%clk 0:01:04]} 18. Bf1
{[%clk 0:01:48]} Qd5 {[%clk 0:01:03]} 19. f3 {[%clk 0:01:21]} Qxb3
{[%clk 0:00:37]} 20. Nxb3 {[%clk 0:01:21]} Bd5 {[%clk 0:00:37]} 21. Na5
{[%clk 0:01:04]} Bd6 {[%clk 0:00:28]} 22. Nac6 {[%clk 0:01:04]} Rb7
{[%clk 0:00:26]} 23. Nb4 {[%clk 0:01:01]} Ng6 {[%clk 0:00:19]} 24. Rc2
{[%clk 0:00:51]} Re8 {[%clk 0:00:06]} 25. Rac1 {[%clk 0:00:51]} Bf8
{[%clk 0:00:06]} 26. Kf2 {[%clk 0:00:46]} Rbb8 {[%clk 0:00:04]} 27. Nec6
{[%clk 0:00:41]} Rb7 {[%clk 0:00:04]} 28. Ne5 {[%clk 0:00:33]} Rbb8
{[%clk 0:00:05]} 29. Rc7 {[%clk 0:00:32]} Bd6 {[%clk 0:00:06]} 30. Ra7
{[%clk 0:00:32]} Rf8 {[%clk 0:00:07]} 31. g3 {[%clk 0:00:28]} Ne7
{[%clk 0:00:04]} 32. Bd3 {[%clk 0:00:21]} Nc8 {[%clk 0:00:04]} 33. Ra6
{[%clk 0:00:19]} Bb7 {[%clk 0:00:04]} 34. Ra5 {[%clk 0:00:20]} Bxe5
{[%clk 0:00:05]} 35. dxe5 {[%clk 0:00:21]} Nd5 {[%clk 0:00:05]} 36. Nxd5
{[%clk 0:00:18]} Bxd5 {[%clk 0:00:06]} 37. Rxb5 {[%clk 0:00:19]} Ne7
{[%clk 0:00:06]} 38. a4 {[%clk 0:00:17]} g6 {[%clk 0:00:07]} 39. Ba3
{[%clk 0:00:18]} Rxb5 {[%clk 0:00:07]} 40. Bxb5 {[%clk 0:00:18]} Rc8
{[%clk 0:00:07]} 41. Rxc8+ {[%clk 0:00:18]} Nxc8 {[%clk 0:00:08]} 42. Bc5
{[%clk 0:00:20]} f6 {[%clk 0:00:04]} 43. Ba6 {[%clk 0:00:20]} 1-0

[Event "Blitz 2018"]
[Site "Saint-Petersburg"]
[Date "2018.12.29"]
[Round "4"]
[Board "24"]
[White "Huzman Alexander (ISR)"]
[Black "Guseinov Gadir (AZE)"]
[Result "1/2-1/2"]
[LiveChessVersion "1.4.8"]
[BlackElo "2708"]
[WhiteElo "2543"]

1. d4 {[%clk 0:03:03]} g6 {[%clk 0:03:03]} 2. g3 {[%clk 0:03:02]} Bg7
{[%clk 0:03:05]} 3. Bg2 {[%clk 0:03:03]} d6 {[%clk 0:03:05]} 4. e4
{[%clk 0:03:04]} Nf6 {[%clk 0:03:04]} 5. Nc3 {[%clk 0:03:06]} O-O
{[%clk 0:03:05]} 6. Nge2 {[%clk 0:03:07]} Nc6 {[%clk 0:03:02]} 7. h3
{[%clk 0:03:07]} a6 {[%clk 0:03:02]} 8. O-O {[%clk 0:03:07]} e5 {[%clk 0:03:03]}
9. Be3 {[%clk 0:03:08]} exd4 {[%clk 0:03:02]} 10. Nxd4 {[%clk 0:03:09]} Bd7
{[%clk 0:03:02]} 11. Nde2 {[%clk 0:03:05]} Re8 {[%clk 0:03:03]} 12. g4
{[%clk 0:02:59]} Be6 {[%clk 0:02:55]} 13. Ng3 {[%clk 0:02:58]} b5
{[%clk 0:02:52]} 14. Nd5 {[%clk 0:02:49]} Bxd5 {[%clk 0:02:41]} 15. exd5
{[%clk 0:02:50]} Ne5 {[%clk 0:02:42]} 16. b3 {[%clk 0:02:51]} b4 {[%clk 0:02:37]}
17. Qd2 {[%clk 0:02:48]} a5 {[%clk 0:02:21]} 18. a3 {[%clk 0:02:49]} Nfxg4
{[%clk 0:01:54]} 19. hxg4 {[%clk 0:02:45]} Qh4 {[%clk 0:01:56]} 20. Bg5
{[%clk 0:02:07]} Qxg4 {[%clk 0:01:53]} 21. Qf4 {[%clk 0:02:08]} Qd7
{[%clk 0:01:16]} 22. axb4 {[%clk 0:02:08]} f6 {[%clk 0:01:15]} 23. Bh6
{[%clk 0:02:02]} g5 {[%clk 0:01:10]} 24. Qf5 {[%clk 0:02:03]} Bxh6
{[%clk 0:01:09]} 25. Qxd7 {[%clk 0:02:03]} Nxd7 {[%clk 0:01:10]} 26. bxa5
{[%clk 0:02:04]} g4 {[%clk 0:01:03]} 27. b4 {[%clk 0:01:53]} Bd2 {[%clk 0:01:03]}
28. Rfb1 {[%clk 0:01:18]} Reb8 {[%clk 0:01:04]} 29. a6 {[%clk 0:01:18]} Rxb4
{[%clk 0:00:54]} 30. Rxb4 Bxb4 {[%clk 0:00:55]} 31. Nf5 {[%clk 0:01:15]} Bc5
{[%clk 0:00:42]} 32. Bf1 {[%clk 0:01:15]} Ne5 {[%clk 0:00:28]} 33. Kg2
{[%clk 0:01:14]} Kf7 {[%clk 0:00:28]} 34. Be2 {[%clk 0:01:12]} h5
{[%clk 0:00:29]} 35. Rh1 {[%clk 0:01:11]} Kg6 {[%clk 0:00:26]} 36. Nh4+
{[%clk 0:00:59]} Kg5 {[%clk 0:00:25]} 37. Kg3 {[%clk 0:01:00]} f5
{[%clk 0:00:20]} 38. f4+ {[%clk 0:01:02]} gxf3 {[%clk 0:00:19]} 39. Nxf3+
{[%clk 0:01:03]} Nxf3 {[%clk 0:00:18]} 40. Kxf3 {[%clk 0:01:02]} h4
{[%clk 0:00:19]} 41. Bd3 {[%clk 0:00:57]} Rh8 {[%clk 0:00:19]} 42. Ra1
{[%clk 0:00:49]} h3 {[%clk 0:00:18]} 43. Kg3 {[%clk 0:00:50]} h2 {[%clk 0:00:13]}
44. Kg2 {[%clk 0:00:51]} f4 {[%clk 0:00:12]} 45. Be2 {[%clk 0:00:44]} Kf5
{[%clk 0:00:09]} 46. a7 {[%clk 0:00:42]} Bxa7 {[%clk 0:00:07]} 47. Bf3
{[%clk 0:00:41]} Bb6 {[%clk 0:00:07]} 48. Kh1 {[%clk 0:00:40]} Ke5
{[%clk 0:00:08]} 49. Re1+ {[%clk 0:00:41]} Be3 50. Rd1 Rh3 {[%clk 0:00:08]} 51.
Rf1 {[%clk 0:00:42]} Kd4 {[%clk 0:00:09]} 52. Bg2 {[%clk 0:00:44]} Rh6
{[%clk 0:00:10]} 53. c3+ {[%clk 0:00:41]} Kxc3 {[%clk 0:00:10]} 54. Ra1
{[%clk 0:00:39]} Kd4 {[%clk 0:00:10]} 55. Ra4+ {[%clk 0:00:41]} Ke5
{[%clk 0:00:10]} 56. Rc4 {[%clk 0:00:41]} Rh7 {[%clk 0:00:09]} 57. Re4+
{[%clk 0:00:43]} Kf6 {[%clk 0:00:10]} 58. Re6+ Kg5 59. Be4 {[%clk 0:00:45]} Rh8
{[%clk 0:00:11]} 60. Rg6+ {[%clk 0:00:45]} Kh4 {[%clk 0:00:12]} 61. Kxh2
{[%clk 0:00:46]} Re8 {[%clk 0:00:12]} 62. Bf3 {[%clk 0:00:47]} Re5
{[%clk 0:00:10]} 63. Rg4+ {[%clk 0:00:45]} Kh5 {[%clk 0:00:11]} 64. Rxf4+
{[%clk 0:00:46]} Kg5 {[%clk 0:00:13]} 65. Rg4+ {[%clk 0:00:48]} Kf5
{[%clk 0:00:14]} 66. Kg2 {[%clk 0:00:49]} Bb6 {[%clk 0:00:13]} 67. Rc4
{[%clk 0:00:48]} Re3 {[%clk 0:00:13]} 68. Ra4 {[%clk 0:00:49]} Ke5
{[%clk 0:00:13]} 69. Rc4 {[%clk 0:00:48]} Re1 {[%clk 0:00:14]} 70. Kg3
{[%clk 0:00:41]} Rg1+ {[%clk 0:00:14]} 71. Kh3 {[%clk 0:00:42]} Bf2
{[%clk 0:00:13]} 72. Bg2 {[%clk 0:00:42]} Bc5 {[%clk 0:00:13]} 73. Kg3
{[%clk 0:00:38]} Kf6 {[%clk 0:00:13]} 74. Rf4+ {[%clk 0:00:39]} Ke7
{[%clk 0:00:14]} 75. Re4+ {[%clk 0:00:40]} Kd8 {[%clk 0:00:15]} 76. Ra4
{[%clk 0:00:39]} Bb6 {[%clk 0:00:16]} 77. Kf3 {[%clk 0:00:39]} Ke7
{[%clk 0:00:16]} 78. Re4+ {[%clk 0:00:39]} Kf6 {[%clk 0:00:18]} 79. Kg3
{[%clk 0:00:39]} Kf5 {[%clk 0:00:18]} 80. Ra4 {[%clk 0:00:39]} Ke5
{[%clk 0:00:19]} 81. Kh3 {[%clk 0:00:39]} Re1 {[%clk 0:00:19]} 82. Kg3
{[%clk 0:00:39]} Re3+ {[%clk 0:00:20]} 83. Kg4 {[%clk 0:00:40]} Bc5
{[%clk 0:00:19]} 84. Kh4 {[%clk 0:00:40]} Rd3 {[%clk 0:00:19]} 85. Kg4
{[%clk 0:00:41]} Bf2 {[%clk 0:00:20]} 86. Re4+ {[%clk 0:00:37]} 1/2-1/2

[Event "Blitz 2018"]
[Site "Saint-Petersburg"]
[Date "2018.12.29"]
[Round "4"]
[Board "25"]
[White "Petrosian Tigran L. (ARM)"]
[Black "Grachev Boris (RUS)"]
[Result "1/2-1/2"]
[LiveChessVersion "1.4.8"]
[BlackElo "2571"]
[WhiteElo "2700"]

1. Nf3 {[%clk 0:03:03]} d5 {[%clk 0:03:03]} 2. g3 {[%clk 0:03:04]} Bg4
{[%clk 0:03:03]} 3. Bg2 {[%clk 0:03:05]} c6 {[%clk 0:03:04]} 4. h3
{[%clk 0:03:07]} Bh5 {[%clk 0:03:05]} 5. d3 {[%clk 0:03:08]} e6 {[%clk 0:03:05]}
6. O-O {[%clk 0:03:05]} Bd6 {[%clk 0:03:06]} 7. e4 {[%clk 0:03:05]} Ne7
{[%clk 0:03:02]} 8. Qe1 {[%clk 0:03:05]} O-O {[%clk 0:02:57]} 9. b3
{[%clk 0:02:46]} a5 {[%clk 0:02:57]} 10. a3 {[%clk 0:02:47]} Bxf3
{[%clk 0:02:43]} 11. Bxf3 {[%clk 0:02:47]} Be5 {[%clk 0:02:44]} 12. Ra2
{[%clk 0:02:45]} Nd7 {[%clk 0:02:44]} 13. Bg2 {[%clk 0:02:45]} Qc7
{[%clk 0:02:21]} 14. f4 {[%clk 0:02:43]} Bd4+ {[%clk 0:02:21]} 15. Kh2
{[%clk 0:02:44]} dxe4 {[%clk 0:02:18]} 16. dxe4 {[%clk 0:02:33]} e5
{[%clk 0:02:19]} 17. f5 {[%clk 0:02:22]} f6 {[%clk 0:01:40]} 18. Nd2
{[%clk 0:02:18]} a4 {[%clk 0:01:37]} 19. b4 {[%clk 0:02:18]} c5 {[%clk 0:01:35]}
20. b5 {[%clk 0:01:56]} c4 {[%clk 0:01:33]} 21. Nf3 {[%clk 0:01:55]} c3
{[%clk 0:01:26]} 22. Qe2 {[%clk 0:01:52]} Rac8 {[%clk 0:01:18]} 23. Rd1
{[%clk 0:01:52]} Rfd8 {[%clk 0:01:04]} 24. Bf1 {[%clk 0:01:49]} Bb6
{[%clk 0:00:46]} 25. Ra1 {[%clk 0:01:48]} Qc5 {[%clk 0:00:42]} 26. Rb1
{[%clk 0:01:30]} Kf8 {[%clk 0:00:31]} 27. Rb4 {[%clk 0:01:27]} Ba5
{[%clk 0:00:32]} 28. Rxa4 {[%clk 0:01:18]} Bb6 {[%clk 0:00:30]} 29. Rb4
{[%clk 0:01:12]} Nb8 {[%clk 0:00:15]} 30. Rxd8+ {[%clk 0:01:03]} Rxd8
{[%clk 0:00:16]} 31. h4 {[%clk 0:00:43]} Qd6 {[%clk 0:00:11]} 32. Rc4
{[%clk 0:00:34]} Qd1 {[%clk 0:00:12]} 33. Bg5 {[%clk 0:00:11]} fxg5
{[%clk 0:00:11]} 34. hxg5 {[%clk 0:00:07]} Qxe2+ {[%clk 0:00:08]} 35. Bxe2
{[%clk 0:00:08]} Bd4 {[%clk 0:00:07]} 36. Rc7 {[%clk 0:00:04]} Rd7
{[%clk 0:00:09]} 37. Rc4 {[%clk 0:00:04]} Rd8 {[%clk 0:00:10]} 38. a4
{[%clk 0:00:05]} Nd7 {[%clk 0:00:11]} 39. a5 {[%clk 0:00:07]} Nc5
{[%clk 0:00:13]} 40. Nxd4 {[%clk 0:00:07]} Rxd4 {[%clk 0:00:12]} 41. Rxc5 Rd2
{[%clk 0:00:13]} 42. Rxc3 {[%clk 0:00:09]} Rxe2+ {[%clk 0:00:14]} 43. Kh3
{[%clk 0:00:09]} Rxe4 {[%clk 0:00:15]} 44. Ra3 {[%clk 0:00:10]} Nc8
{[%clk 0:00:10]} 45. Rc3 {[%clk 0:00:04]} Nd6 {[%clk 0:00:11]} 46. a6
{[%clk 0:00:05]} bxa6 {[%clk 0:00:12]} 47. bxa6 {[%clk 0:00:05]} Ra4
{[%clk 0:00:12]} 48. Rd3 {[%clk 0:00:03]} Ke7 {[%clk 0:00:10]} 49. Rd5
{[%clk 0:00:03]} e4 {[%clk 0:00:05]} 50. c4 {[%clk 0:00:04]} Rxc4
{[%clk 0:00:04]} 51. Ra5 {[%clk 0:00:04]} Rc8 {[%clk 0:00:05]} 52. a7
{[%clk 0:00:06]} Ra8 {[%clk 0:00:07]} 53. Kg4 {[%clk 0:00:06]} e3
{[%clk 0:00:07]} 54. Kf3 {[%clk 0:00:07]} Kd7 {[%clk 0:00:07]} 55. g4
{[%clk 0:00:06]} Nc8 {[%clk 0:00:07]} 56. Rd5+ {[%clk 0:00:04]} Ke7
{[%clk 0:00:06]} 57. Rc5 {[%clk 0:00:05]} Nxa7 {[%clk 0:00:05]} 58. Ra5
{[%clk 0:00:07]} Kf8 {[%clk 0:00:06]} 59. Ke2 {[%clk 0:00:07]} Kf7
{[%clk 0:00:06]} 60. Ra6 {[%clk 0:00:09]} Kf8 {[%clk 0:00:06]} 61. Ra1
{[%clk 0:00:09]} Kf7 {[%clk 0:00:06]} 62. Ra6 {[%clk 0:00:10]} Kg8
{[%clk 0:00:07]} 63. Ra5 {[%clk 0:00:08]} Kf8 {[%clk 0:00:06]} 64. Ra4
{[%clk 0:00:10]} Kf7 {[%clk 0:00:06]} 65. Ra6 {[%clk 0:00:11]} Kf8 66. Ra5 Ke8
67. Ra4 Kd7 {[%clk 0:00:06]} 68. Ra1 {[%clk 0:00:10]} Kc6 {[%clk 0:00:06]} 69.
Kxe3 {[%clk 0:00:09]} Re8+ {[%clk 0:00:07]} 70. Kf4 {[%clk 0:00:11]} Nb5
{[%clk 0:00:08]} 71. Rh1 {[%clk 0:00:12]} Rh8 {[%clk 0:00:05]} 72. g6
{[%clk 0:00:09]} h6 {[%clk 0:00:06]} 73. f6 {[%clk 0:00:07]} gxf6
{[%clk 0:00:07]} 74. Kf5 {[%clk 0:00:07]} Nd6+ {[%clk 0:00:04]} 75. Kxf6
{[%clk 0:00:06]} Ne8+ {[%clk 0:00:03]} 76. Ke7 {[%clk 0:00:05]} Rg8
{[%clk 0:00:03]} 77. Rxh6 {[%clk 0:00:05]} Nd6 {[%clk 0:00:04]} 78. Ke6
{[%clk 0:00:04]} Re8+ 79. Kf6 Rg8 {[%clk 0:00:05]} 80. Rh1 {[%clk 0:00:05]} Kd7
{[%clk 0:00:06]} 81. Rd1 {[%clk 0:00:06]} Kc6 {[%clk 0:00:05]} 82. Ra1
{[%clk 0:00:05]} Kd7 {[%clk 0:00:05]} 83. Ra7+ {[%clk 0:00:07]} Kc6
{[%clk 0:00:06]} 84. g7 {[%clk 0:00:07]} Kd5 {[%clk 0:00:07]} 85. Rd7
{[%clk 0:00:04]} Kc6 {[%clk 0:00:07]} 86. Rxd6+ {[%clk 0:00:04]} Kxd6
{[%clk 0:00:07]} 87. Kf7 {[%clk 0:00:06]} Ra8 {[%clk 0:00:05]} 88. g8=Q
{[%clk 0:00:04]} Rxg8 {[%clk 0:00:05]} 89. Kxg8 {[%clk 0:00:06]} Ke5
{[%clk 0:00:06]} 1/2-1/2

[Event "Blitz 2018"]
[Site "Saint-Petersburg"]
[Date "2018.12.29"]
[Round "4"]
[Board "26"]
[White "Zhigalko Sergei (BLR)"]
[Black "Sakaev Konstantin (RUS)"]
[Result "1-0"]
[LiveChessVersion "1.4.8"]
[BlackElo "2551"]
[WhiteElo "2693"]

1. e4 {[%clk 0:03:03]} c5 {[%clk 0:03:03]} 2. Nf3 {[%clk 0:03:04]} d6
{[%clk 0:03:04]} 3. d4 {[%clk 0:03:05]} cxd4 {[%clk 0:03:04]} 4. Qxd4
{[%clk 0:03:05]} Nc6 {[%clk 0:03:04]} 5. Bb5 {[%clk 0:03:06]} a6 {[%clk 0:03:05]}
6. Bxc6+ {[%clk 0:03:07]} bxc6 {[%clk 0:03:05]} 7. c4 {[%clk 0:03:07]} e5
{[%clk 0:03:04]} 8. Qd3 {[%clk 0:03:08]} Ne7 {[%clk 0:02:45]} 9. O-O
{[%clk 0:02:00]} Ng6 {[%clk 0:02:46]} 10. Rd1 {[%clk 0:01:17]} Be7
{[%clk 0:02:37]} 11. Nc3 {[%clk 0:00:38]} O-O {[%clk 0:02:28]} 12. c5
{[%clk 0:00:17]} dxc5 {[%clk 0:02:28]} 13. Qe2 {[%clk 0:00:12]} Qc7
{[%clk 0:02:10]} 14. Be3 {[%clk 0:00:12]} Nf4 {[%clk 0:02:00]} 15. Bxf4
{[%clk 0:00:11]} exf4 {[%clk 0:02:01]} 16. h4 {[%clk 0:00:08]} Rb8
{[%clk 0:02:02]} 17. b3 {[%clk 0:00:08]} Be6 {[%clk 0:02:02]} 18. Rac1
{[%clk 0:00:08]} Qa5 {[%clk 0:01:52]} 19. Nd2 {[%clk 0:00:05]} Rb4
{[%clk 0:01:46]} 20. Rc2 {[%clk 0:00:05]} Rd4 {[%clk 0:01:41]} 21. Rdc1
{[%clk 0:00:06]} Rfd8 {[%clk 0:01:37]} 22. Nf3 {[%clk 0:00:08]} R4d7
{[%clk 0:01:33]} 23. Rd1 {[%clk 0:00:05]} Rxd1+ {[%clk 0:01:30]} 24. Nxd1
{[%clk 0:00:06]} c4 {[%clk 0:01:23]} 25. bxc4 {[%clk 0:00:07]} h6
{[%clk 0:01:18]} 26. Nc3 {[%clk 0:00:04]} Bb4 {[%clk 0:01:11]} 27. Nb1
{[%clk 0:00:04]} Qc5 {[%clk 0:01:07]} 28. Rc1 {[%clk 0:00:03]} Qd6
{[%clk 0:01:04]} 29. Kh2 {[%clk 0:00:04]} Qd3 {[%clk 0:01:04]} 30. Qxd3
{[%clk 0:00:05]} Rxd3 {[%clk 0:01:05]} 31. Ne5 {[%clk 0:00:05]} Rd6
{[%clk 0:00:48]} 32. c5 {[%clk 0:00:06]} Rd4 {[%clk 0:00:49]} 33. Nxc6
{[%clk 0:00:07]} Rxe4 {[%clk 0:00:50]} 34. Nxb4 Rxb4 {[%clk 0:00:51]} 35. c6
{[%clk 0:00:06]} Rb8 {[%clk 0:00:52]} 36. Nc3 {[%clk 0:00:03]} Rc8
{[%clk 0:00:53]} 37. Ne4 {[%clk 0:00:04]} Kf8 {[%clk 0:00:54]} 38. Nd6
{[%clk 0:00:04]} Rc7 {[%clk 0:00:56]} 39. a3 Ke7 {[%clk 0:00:57]} 40. Ne4
{[%clk 0:00:04]} Bd5 {[%clk 0:00:59]} 41. Nc3 {[%clk 0:00:05]} Bxc6
{[%clk 0:00:58]} 42. Nd5+ {[%clk 0:00:06]} Kd6 {[%clk 0:00:57]} 43. Nxc7
{[%clk 0:00:05]} Kxc7 {[%clk 0:00:54]} 44. h5 {[%clk 0:00:05]} Kd6
{[%clk 0:00:54]} 45. g4 {[%clk 0:00:05]} f3 {[%clk 0:00:49]} 46. Kg3
{[%clk 0:00:06]} Be4 {[%clk 0:00:24]} 47. Rc7 {[%clk 0:00:06]} Bd5
{[%clk 0:00:21]} 48. Ra7 {[%clk 0:00:07]} Bc4 {[%clk 0:00:17]} 49. Kxf3
{[%clk 0:00:03]} 1-0